Statistics for Middle East by Borders in 30 Seconds

Click here to take the quiz!

General Stats

  • This quiz has been taken 465 times
  • The average score is 20 of 26

Answer Stats

Answer% Correct
Iraq
99%
Saudi Arabia
99%
Jordan
98%
Syria
98%
Turkey
97%
Iran
96%
Kuwait
96%
Oman
95%
Armenia
94%
Israel
94%
Yemen
94%
United Arab Emirates
93%
Afghanistan
90%
Azerbaijan
90%
Qatar
90%
Pakistan
89%
Turkmenistan
89%
Lebanon
83%
Egypt
81%
Georgia
76%
Bahrain
43%
Uzbekistan
36%
Tajikistan
30%
Kazakhstan
26%
Kyrgyzstan
26%
Cyprus
25%

Score Distribution

Percentile by Number Answered

Percent of People with Each Score

Your Score History

You have not taken this quiz